000
00354nam a2200145Ia 4500
008
151213s9999 xx 000 0 und d
100
_a
Anwar Shah
245
_a
Fiscal Management
_c
Anwar Shah
260
_a
Waylington D.C.
_b
The World Bank
_c
2005
300
_a
3616 p.
650
_a
Finance
650
_a
Finance
700
_a
Anwar Shah
999
_c
2411
_d
2411